Statistics for Latin Vocab

Click here to take the quiz!

General Stats

  • This quiz has been taken 24 times
  • The average score is 4 of 15

Answer Stats

HintAnswer% Correct
CanisCanis; M./F.; dog
95%
BritanniaBritain F.
86%
cum(+abl); with
52%
Ad+Acc., to
52%
AliusOther
33%
dominusDomini; M.; master
29%
CeleriterQuickly
29%
DeindeThen, next
19%
Alii...alliSome...others...
14%
AbeoAbire, to go away
5%
AgoAgere- To Do
5%
Age!Come On!
5%
ConvocoConvacare; to call
5%
DiscedoDiscedere, to go away
5%
CistaTrunk chest F.
5%

Score Distribution

Percentile by Number Answered

Percent of People with Each Score

Your Score History

You have not taken this quiz